Warrior of the Altaii / (Record no. 31125)

MARC details
000 -LEADER
fixed length control field 01493cam a2200373 i 4500
001 - CONTROL NUMBER
control field on1226172495
003 - CONTROL NUMBER IDENTIFIER
control field OCoLC
005 - DATE AND TIME OF LATEST TRANSACTION
control field 20250905015515.0
008 - FIXED-LENGTH DATA ELEMENTS--GENERAL INFORMATION
fixed length control field 201209t20212019nyub 000 1 eng d
015 ## - NATIONAL BIBLIOGRAPHY NUMBER
National bibliography number GBC1I9084
Source bnb
016 7# - NATIONAL BIBLIOGRAPHIC AGENCY CONTROL NUMBER
Record control number 020392926
Source Uk
020 ## - INTERNATIONAL STANDARD BOOK NUMBER
International Standard Book Number 9781250247674
Qualifying information (paperback)
020 ## - INTERNATIONAL STANDARD BOOK NUMBER
International Standard Book Number 1250247675
Qualifying information (paperback)
040 ## - CATALOGING SOURCE
Original cataloging agency YDX
Language of cataloging eng
Description conventions rda
Transcribing agency YDX
Modifying agency BDX
-- UKMGB
-- ZQP
-- OCLCF
-- OCL
-- OCLCO
082 04 - DEWEY DECIMAL CLASSIFICATION NUMBER
Classification number 813/.54
Edition number 23
100 1# - MAIN ENTRY--PERSONAL NAME
Personal name Jordan, Robert,
Dates associated with a name 1948-2007,
Relator term author.
245 10 - TITLE STATEMENT
Title Warrior of the Altaii /
Statement of responsibility, etc. Robert Jordan.
250 ## - EDITION STATEMENT
Edition statement First mass market edition.
264 #1 - PRODUCTION, PUBLICATION, DISTRIBUTION, MANUFACTURE, AND COPYRIGHT NOTICE
Place of production, publication, distribution, manufacture New York :
Name of producer, publisher, distributor, manufacturer Tor,
Date of production, publication, distribution, manufacture, or copyright notice 2021.
264 #4 - PRODUCTION, PUBLICATION, DISTRIBUTION, MANUFACTURE, AND COPYRIGHT NOTICE
Date of production, publication, distribution, manufacture, or copyright notice ℗♭2019.
300 ## - PHYSICAL DESCRIPTION
Extent xvi, 363 pages :
Other physical details maps ;
Dimensions 19 cm.
336 ## - CONTENT TYPE
Content type term text
Content type code txt
Source rdacontent.
337 ## - MEDIA TYPE
Media type term unmediated
Media type code n
Source rdamedia.
338 ## - CARRIER TYPE
Carrier type term volume
Carrier type code nc
Source rdacarrier.
490 1# - SERIES STATEMENT
Series statement Tor fantasy.
500 ## - GENERAL NOTE
General note "A Tom Doherty Associates book."
520 ## - SUMMARY, ETC.
Summary, etc. The watering holes of the Plain are drying up, the fearsome fanghorn grow more numerous, and bad omens abound. Wulfgar, a leader of the Altaii people, must contend with twin queens, warlords, prophets and magic in hopes of protecting his people and securing their future. Elspeth, a visitor from another world, holds the answers, but first Wulfgar must learn to ask the right questions.
650 #0 - SUBJECT ADDED ENTRY--TOPICAL TERM
Topical term or geographic name as entry element Imaginary places
Form subdivision Fiction.
650 #0 - SUBJECT ADDED ENTRY--TOPICAL TERM
Topical term or geographic name as entry element Queens
Form subdivision Fiction.
650 #0 - SUBJECT ADDED ENTRY--TOPICAL TERM
Topical term or geographic name as entry element Droughts
Form subdivision Fiction.
655 #7 - INDEX TERM--GENRE/FORM
Genre/form data or focus term Fantasy fiction.
Source of term lcgft.
830 #0 - SERIES ADDED ENTRY--UNIFORM TITLE
Uniform title Tor fantasy.
942 ## - ADDED ENTRY ELEMENTS (KOHA)
Koha item type Libro/Book
Holdings
Withdrawn status Lost status Damaged status Not for loan Home library Current library Date acquired Total Checkouts Full call number Barcode Checked out Date last seen Date checked out Price effective from Koha item type
        San Juan Del Sur -- Biblioteca San Juan Del Sur -- Biblioteca 05/09/2025 1 F 30023392 11/02/2026 07/01/2026 07/01/2026 05/09/2025 Libro/Book

Powered by Koha